Sports Quiz

Random Sports or Artist Quiz

Strikeout Artists - NL Quiz Stats

 Plays Quiz not verified by Sporcle

Challenge
Share
Tweet
Embed
Score 0/60 Timer 10:00
0 Plays Today
Year - Team Name % Correct
2002 - DiamondbacksRandy Johnson
99.1%
2001 - DiamondbacksRandy Johnson
99.1%
2000 - DiamondbacksRandy Johnson
99.1%
1999 - DiamondbacksRandy Johnson
99.1%
2009 - GiantsTim Lincecum
98.6%
2008 - GiantsTim Lincecum
98.6%
2007 - PadresJake Peavy
95.5%
2006 - PadresJake Peavy
95.5%
2003 - CubsKerry Wood
92.7%
1998 - CubsKerry Wood
92.7%
1996 - BravesJohn Smoltz
92.7%
1966 - DodgersSandy Koufax
91.8%
1965 - DodgersSandy Koufax
91.8%
1964 - DodgersSandy Koufax
91.8%
1962 - DodgersSandy Koufax
91.8%
1961 - DodgersSandy Koufax
91.8%
1960 - DodgersSandy Koufax
91.8%
1997 - ExposPedro Martinez
91.4%
1976 - MetsTom Seaver
89.5%
1974 - MetsTom Seaver
89.5%
1973 - MetsTom Seaver
89.5%
1972 - MetsTom Seaver
89.5%
1971 - MetsTom Seaver
89.5%
1970 - MetsTom Seaver
89.5%
1984 - MetsDwight Gooden
88.2%
1988 - AstrosNolan Ryan
87.3%
1987 - AstrosNolan Ryan
87.3%
1983 - PhilliesSteve Carlton
82.3%
1981 - PhilliesSteve Carlton
82.3%
2005 - CubsMark Prior
81.4%
Year - Team Name % Correct
1959 - DodgersDon Drysdale
75.5%
1986 - AstrosMike Scott
71.4%
1995 - DodgersHideo Nomo
65.5%
1992 - MetsDavid Cone
62.7%
1991 - MetsDavid Cone
62.7%
1990 - MetsDavid Cone
62.7%
1979 - AstrosJ.R. Richard
61.8%
1978 - AstrosJ.R. Richard
61.8%
2004 - PiratesOliver Perez
55%
1993 - RedsJose Rijo
53.2%
1982 - RedsMario Soto
48.6%
1980 - RedsMario Soto
48.6%
1977 - MetsJerry Koosman
48.2%
1985 - MetsSid Fernandez
47.3%
1994 - PadresAndy Benes
30%
1958 - CardinalsSam Jones
26.8%
1957 - CardinalsSam Jones
26.8%
1956 - CubsSam Jones
26.8%
1955 - CubsSam Jones
26.8%
1989 - ExposMark Langston
24.5%
1975 - GiantsJohn Montefusco
24.5%
1963 - RedsJim Maloney
24.5%
1967 - RedsGary Nolan
20.5%
1968 - DodgersBill Singer
16.8%
1950 - RedsEwel Blackwell
11.8%
1954 - CardinalsHarvey Haddix
11.4%
1969 - AstrosTom Griffin
7.7%
1953 - CardinalsVinegar Bend Mizell
7.3%
1952 - CardinalsVinegar Bend Mizell
7.3%
1951 - PiratesMel Queen
4.1%

You're not logged in!

Compare scores with friends on all Sporcle quizzes.
OR
Log In

You Might Also Like...

Show Comments

Extras

Created May 13, 2010ReportNominate
Tags:Artist Quiz, K 9, strikeouts, team

Top Quizzes Today


Score Distribution

Your Account Isn't Verified!

In order to create a playlist on Sporcle, you need to verify the email address you used during registration. Go to your Sporcle Settings to finish the process.

Report this User

Report this user for behavior that violates our Community Guidelines.

Details: